LEADER 02002nam 2200517I 450 001 9910704757303321 005 20130806161105.0 035 $a(CKB)5470000002444152 035 $a(OCoLC)855123657 035 $a(EXLCZ)995470000002444152 100 $a20130806d2013 ua 0 101 0 $aeng 135 $aurcn||||||||| 181 $ctxt$2rdacontent 182 $cc$2rdamedia 183 $acr$2rdacarrier 200 10$aLevitation performance of two opposed permanent magnet pole-pair separated conical bearingless motors /$fPeter Kascak [and four others] 210 1$aCleveland, Ohio :$cNational Aeronautics and Space Administration, Glenn Research Center,$d[2012] 215 $a1 online resource (10 pages) $cillustrations 225 1 $aNASA/TM 2013-217863 300 $aTitle from title screen (viewed Aug. 6, 2013). 300 $a"April 2013." 300 $a"Prepared for the 2011 Energy Conversion Congress and Exposition (ECCE) sponsored by the Institute of Electrical and Electronics Engineers (IEEE), Phoenix, Arizona, September 17-22, 2011." 320 $aIncludes bibliographical references (page 10). 606 $aPermanent magnets$2nasat 606 $aEnergy storage$2nasat 606 $aMagnetic bearings$2nasat 606 $aFlywheels$2nasat 606 $aRotors$2nasat 606 $aRotation$2nasat 615 7$aPermanent magnets. 615 7$aEnergy storage. 615 7$aMagnetic bearings. 615 7$aFlywheels. 615 7$aRotors. 615 7$aRotation. 700 $aKascak$b Peter$01414965 712 02$aUnited States.$bNational Aeronautics and Space Administration, 712 02$aNASA Glenn Research Center, 712 12$aIEEE Energy Conversion Congress and Exposition$f(2011 :$ePhoenix, Ariz.) 801 0$bGPO 801 1$bGPO 906 $aBOOK 912 $a9910704757303321 996 $aLevitation performance of two opposed permanent magnet pole-pair separated conical bearingless motors$93515633 997 $aUNINA LEADER 03022nam 2200781 a 450 001 9910824088103321 005 20200520144314.0 010 $a9781444351835 010 $a1444351834 010 $a9781283869119 010 $a128386911X 010 $a9781780340821 010 $a1780340826 010 $a9781444327564 010 $a1444327569 010 $a9781444327571 010 $a1444327577 035 $a(CKB)2670000000032931 035 $a(EBL)555059 035 $a(OCoLC)652653815 035 $a(SSID)ssj0000431197 035 $a(PQKBManifestationID)11303139 035 $a(PQKBTitleCode)TC0000431197 035 $a(PQKBWorkID)10474513 035 $a(PQKB)11610752 035 $a(MiAaPQ)EBC555059 035 $a(MiAaPQ)EBC4043816 035 $a(Au-PeEL)EBL4043816 035 $a(CaPaEBR)ebr11115799 035 $a(CaONFJC)MIL418161 035 $a(OCoLC)927509625 035 $a(PPN)179227122 035 $a(Perlego)1013657 035 $a(EXLCZ)992670000000032931 100 $a20101116d2010 uy 0 101 0 $aeng 135 $aur|n|---||||| 181 $ctxt 182 $cc 183 $acr 200 00$aBasic research /$fedited by J. Gavin Bremner and Theodore D. Wachs 205 $a2nd ed. 210 $aChichester, West Sussex, U.K. $cWiley-Blackwell$d2010 215 $a1 online resource (718 p.) 225 1 $aWiley-Blackwell handbooks of developmental psychology 225 0 $aWiley-Blackwell handbook of infant development ;$vv. 1 300 $aDescription based upon print version of record. 311 08$a9781444332735 311 08$a1444332732 320 $aIncludes bibliographical references and indexes. 327 $apt. 1. Perceptual and cognitive development -- pt. 2. Social cognition, communication, and language -- pt. 3 Social-emotional development. 330 $aNow part of a two-volume set, the fully revised and updated second edition of The Wiley-Blackwell Handbook of Infant Development, Volume 1: Basic Research provides comprehensive coverage of the basic research relating to infant development. Updated, fully-revised and expanded, this two-volume set presents in-depth and cutting edge coverage of both basic and applied developmental issues during infancyFeatures contributions by leading international researchers and practitioners in the field that reflect the most current theories and research findings